Entremes : (Record no. 136886)

MARC details
000 -CABECERA
campo de control de longitud fija 02961nam a2200565 a 4500
001 - NÚMERO DE CONTROL
campo de control 991016950119706706
003 - IDENTIFICADOR DEL NÚMERO DE CONTROL
campo de control ES-BaIT
005 - FECHA Y HORA DE LA ÚLTIMA TRANSACCIÓN
campo de control 20260130131841.0
008 - DATOS DE LONGITUD FIJA--INFORMACIÓN GENERAL
campo de control de longitud fija 080813s1793 sp 000 1 spa c
035 ## - NÚMERO DE CONTROL DEL SISTEMA
Número de control de sistema (ES-BaCBU).b44267150
040 ## - FUENTE DE LA CATALOGACIÓN
Centro catalogador/agencia de origen ES-VaUB
Lengua de catalogación cat
Centro/agencia transcriptor ES-VaUB
080 ## - NÚMERO DE LA CLASIFICACIÓN DECIMAL UNIVERSAL
Número de la Clasificación Decimal Universal 860-2"17"
245 00 - MENCIÓN DE TÍTULO
Título Entremes :
Resto del título El bobo casado
246 32 - FORMA VARIANTE DE TÍTULO
Título propio/Titulo breve Bobo casado
260 ## - PUBLICACIÓN, DISTRIBUCIÓN, ETC.
Lugar de publicación, distribución, etc. [Madrid] :
Nombre del editor, distribuidor, etc. Se hallara en la Libreria de Quiroga, calle de la Concepcion ...,
Fecha de publicación, distribución, etc. 1793
300 ## - DESCRIPCIÓN FÍSICA
Extensión 16 p. ;
Dimensiones 8 (16 cm)
500 ## - NOTA GENERAL
Nota general Text a 1 col. - Reclams
500 ## - NOTA GENERAL
Nota general Sign.: [ ]8
510 4# - NOTA DE CITAS O REFERENCIAS BIBLIOGRÁFICAS
Nombre de la fuente Fernández Gómez, Juan F. Catálogo de entremeses y sainetes del siglo XVIII,
Localización dentro de la fuente 198
510 4# - NOTA DE CITAS O REFERENCIAS BIBLIOGRÁFICAS
Nombre de la fuente Vega García Luengos, Germán, Fernández Lera, Rosa, Rey Sayagués, Andrés del. Ediciones de teatro español en la Biblioteca de Menéndez Pelayo,
Localización dentro de la fuente 544
533 ## - NOTA DE REPRODUCCIÓN
Tipo de reproducción Reproducció digital disponible a Biblioescènic
593 00 - Camps col·lecció exemplar
Signatura topogràfica i/o núm. de registre VIT-080/04.
Notes Relligat en volum factici.
Digitalització Exemplar digitalitzat per Crossland.
Nom de la col·lecció especial Artur Sedó
593 00 - Camps col·lecció exemplar
Signatura topogràfica i/o núm. de registre VIT-080/04.
Notes Relligat en volum factici.
Digitalització Exemplar digitalitzat per Crossland.
Nom de la col·lecció especial Artur Sedó
593 00 - Camps col·lecció exemplar
Signatura topogràfica i/o núm. de registre VIT-083/07.
Notes Relligat en volum factici.
Digitalització Exemplar digitalitzat per Crossland.
Nom de la col·lecció especial Artur Sedó
593 00 - Camps col·lecció exemplar
Notes holand. granate
593 00 - Camps col·lecció exemplar
Notes holand. marrón
593 00 - Camps col·lecció exemplar
Notes holand. granate. Procedència: Col·lecció Joaquín Montaner
593 00 - Camps col·lecció exemplar
Notes holand. granate. Procedència: Col·lecció Joaquín Montaner
593 00 - Camps col·lecció exemplar
Notes holand. granate
650 #4 - PUNTO DE ACCESO ADICIONAL DE MATERIA--TÉRMINO DE MATERIA
Término de materia o nombre geográfico como elemento de entrada Entremesos
Subdivisión cronológica S. XVIII
9 (RLIN) 162695
650 04 - PUNTO DE ACCESO ADICIONAL DE MATERIA--TÉRMINO DE MATERIA
Término de materia o nombre geográfico como elemento de entrada Teatre castellà
Subdivisión cronológica S. XVIII
Subdivisión general Obres anteriors al 1800
710 2# - ENTRADA AGREGADA--NOMBRE DE ENTIDAD CORPORATIVA
Nombre de entidad corporativa o nombre de jurisdicción como elemento de entrada Librería de Quiroga,
Fecha del congreso o de la firma del tratado actiu 1766?-1804
Término indicativo de función/relación ed.imp.lib
9 (RLIN) 168059
730 0# - ENTRADA AGREGADA--TÍTULO UNIFORME
Título uniforme Col·lecció digital Biblioescènic del MAE
9 (RLIN) 69172
752 ## - ENTRADA AGREGADA--NOMBRE JERÁRQUICO DEL LUGAR
País o entidad superior Espanya.
Ciudad Madrid
856 41 - LOCALIZACIÓN Y ACCESO ELECTRÓNICOS
Nota pública Accés lliure (Biblioescènic)
Especificación de materiales Exemplar VIT-080/04
Identificador Uniforme del Recurso <a href="https://books.cdmae.cat/visorpdf/?recurs=SV0080-04">https://books.cdmae.cat/visorpdf/?recurs=SV0080-04</a>
856 41 - LOCALIZACIÓN Y ACCESO ELECTRÓNICOS
Nota pública Accés lliure (Biblioescènic)
Especificación de materiales Exemplar VIT-081/16
Identificador Uniforme del Recurso <a href="https://books.cdmae.cat/visorpdf/?recurs=SV0081-16">https://books.cdmae.cat/visorpdf/?recurs=SV0081-16</a>
856 41 - LOCALIZACIÓN Y ACCESO ELECTRÓNICOS
Nota pública Accés lliure (Biblioescènic)
Especificación de materiales Exemplar VIT-082/06
Identificador Uniforme del Recurso <a href="https://books.cdmae.cat/visorpdf/?recurs=SV0082-06">https://books.cdmae.cat/visorpdf/?recurs=SV0082-06</a>
856 41 - LOCALIZACIÓN Y ACCESO ELECTRÓNICOS
Nota pública Accés lliure (Biblioescènic)
Especificación de materiales Exemplar VIT-083/07
Identificador Uniforme del Recurso <a href="https://books.cdmae.cat/visorpdf/?recurs=SV0083-07">https://books.cdmae.cat/visorpdf/?recurs=SV0083-07</a>
856 42 - LOCALIZACIÓN Y ACCESO ELECTRÓNICOS
Especificación de materiales Fitxa del catàleg manual
Identificador Uniforme del Recurso <a href="http://www.cdmae.cat/sedo/imgtitulos/008/P0001227.gif">http://www.cdmae.cat/sedo/imgtitulos/008/P0001227.gif</a>
856 42 - LOCALIZACIÓN Y ACCESO ELECTRÓNICOS
Especificación de materiales Fitxa del catàleg manual
Identificador Uniforme del Recurso <a href="http://www.cdmae.cat/sedo/imgtitulos/008/P0001228.gif">http://www.cdmae.cat/sedo/imgtitulos/008/P0001228.gif</a>
856 42 - LOCALIZACIÓN Y ACCESO ELECTRÓNICOS
Especificación de materiales Fitxa del catàleg manual
Identificador Uniforme del Recurso <a href="http://www.cdmae.cat/sedo/imgtitulos/008/P0001229.gif">http://www.cdmae.cat/sedo/imgtitulos/008/P0001229.gif</a>
856 42 - LOCALIZACIÓN Y ACCESO ELECTRÓNICOS
Especificación de materiales Fitxa del catàleg manual
Identificador Uniforme del Recurso <a href="http://www.cdmae.cat/sedo/imgtitulos/008/P0001230.gif">http://www.cdmae.cat/sedo/imgtitulos/008/P0001230.gif</a>
856 42 - LOCALIZACIÓN Y ACCESO ELECTRÓNICOS
Especificación de materiales Fitxa del catàleg manual
Identificador Uniforme del Recurso <a href="http://www.cdmae.cat/sedo/imgtitulos/008/P0001231.gif">http://www.cdmae.cat/sedo/imgtitulos/008/P0001231.gif</a>
902 ## - ELEMENTOS DE DATOS B LOCAL, LDB (RLIN)
a Patrimoni
908 ## - COLOCAR PARÁMETRO DE COMANDO (RLIN)
Colocar parámetro de comando AHCB
-- CDMAE
940 ## - EQUIVALENCIA O REFERENCIA-CRUZADA--TÍTULO UNIFORME [OBSOLETO] [solamente CAN/MARC]
Título uniforme <a href="RB">RB</a>
942 ## - ELEMENTOS DE ENTRADA AGREGADA (KOHA)
Fuente del sistema de clasificación o colocación Clasificación decimal universal
Tipo de ítem Koha Digital
Holdings
Estado de retiro Estado de pérdida Fuente del sistema de clasificación o colocación Estado dañado No para préstamo Código de colección Localización permanente Ubicación/localización actual Ubicación en estantería Fecha de adquisición Fuente de adquisición Total de préstamos Signatura topográfica completa Código de barras Fecha visto por última vez Precio válido a partir de Tipo de ítem Koha
    Clasificación decimal universal   Exclòs de préstec Artur Sedó Biblioteca Barcelona Biblioteca Barcelona BCN Magatzem Sedó Vitrina 14/11/2025 Reconversió   VIT-080/04 vit08004 14/11/2025 14/11/2025 Antiquària
    Clasificación decimal universal   Exclòs de préstec Artur Sedó Biblioteca Barcelona Biblioteca Barcelona BCN Magatzem Sedó Vitrina 19/01/2026 Reconversió   VIT-081/16 vit08116 19/01/2026 19/01/2026 Antiquària
    Clasificación decimal universal   Exclòs de préstec Artur Sedó Biblioteca Barcelona Biblioteca Barcelona BCN Magatzem Sedó Vitrina 23/01/2026 Reconversió   VIT-082/06 vit08206 23/01/2026 23/01/2026 Antiquària
    Clasificación decimal universal   Exclòs de préstec Artur Sedó Biblioteca Barcelona Biblioteca Barcelona BCN Magatzem Sedó Vitrina 30/01/2026 Reconversió   VIT-083/07 vit08307 30/01/2026 30/01/2026 Antiquària

Powered by Koha